[Event "FRA-chT2 Nord 0708"]
[Site "France"]
[Date "2008.04.06"]
[Round "11.4"]
[White "Glod, Philippe"]
[Black "Barthes, Christian"]
[Result "1-0"]
[WhiteElo "2183"]
[BlackElo "2119"]
[PlyCount "91"]
[EventDate "2007.10.21"]
[EventType "team"]
[EventRounds "11"]
[EventCountry "FRA"]
[SourceTitle "EXT 2009"]
[Source "ChessBase"]
[SourceDate "2008.11.26"]
[SourceVersion "1"]
[SourceVersionDate "2008.11.26"]
[SourceQuality "1"]
[WhiteTeam "Le Vesinet"]
[BlackTeam "Franconville"]
[WhiteTeamCountry "FRA"]
[BlackTeamCountry "FRA"]

1. e4 c5 2. c3 Nf6 3. e5 Nd5 4. d4 cxd4 5. Nf3 d3 6. Bxd3 Nc6 7. 0-0 g6 8. Bxg6 hxg6 9. Qxd5 Qa5 10. Qxa5 Nxa5 11. Bf4 b6 12. Nbd2 Ba6 13. Rfe1 Nc4 14. Nxc4 Bxc4 15. Nd4 Rc8 16. a4 Bh6 17. Bxh6 Rxh6 18. Re3 a6 19. f4 Rh4 20. g3 Rh8 21. a5 b5 22. Nc2 Bd5 23. Nb4 Bb7 24. Rd1 Rc7 25. Red3 Kd8 26. h4 Kc8 27. Kf2 Rd8 28. R1d2 Rc4 29. Rd4 Rc5 30. Ke3 Kc7 31. Nd5+ Bxd5 32. Rxd5 Rc4 33. R5d4 Rc6 34. Kf3 Kc8 35. Rb4 d5 36. exd6 exd6 37. Rbd4 Kc7 38. Re2 Rc4 39. Re7+ Rd7 40. Rxd7+ Kxd7 41. Rxc4 bxc4 42. Ke4 Ke6 43. g4 f6 44. f5+ gxf5+ 45. gxf5+ Kf7 46. Kd5 1-0

[Event "FRA-chT2 Nord 0708"]
[Site "France"]
[Date "2008.03.15"]
[Round "8.4"]
[White "Baudoin, Paul"]
[Black "Barthes, Christian"]
[Result "0-1"]
[WhiteElo "2010"]
[BlackElo "2124"]
[PlyCount "60"]
[EventDate "2007.10.21"]
[EventType "team"]
[EventRounds "11"]
[EventCountry "FRA"]
[SourceTitle "EXT 2009"]
[Source "ChessBase"]
[SourceDate "2008.11.26"]
[SourceVersion "1"]
[SourceVersionDate "2008.11.26"]
[SourceQuality "1"]
[WhiteTeam "Arcueil"]
[BlackTeam "Franconville"]
[WhiteTeamCountry "FRA"]
[BlackTeamCountry "FRA"]

1. e4 c5 2. Nc3 e6 3. g3 a6 4. Bg2 Nc6 5. d3 Nge7 6. Be3 Nd4 7. Nce2 Nec6 8. c3 Nxe2 9. Nxe2 b5 10. 0-0 Bb7 11. d4 c4 12. d5 Ne5 13. b3 Qc8 14. Qd4 f6 15. Nf4 Ng4 16. dxe6 dxe6 17. Qb6 Nxe3 18. fxe3 Bc5 19. Qxe6+ Qxe6 20. Nxe6 Bxe3+ 21. Kh1 Kf7 22. Nd4 Bd2 23. bxc4 Bxc3 24. Rad1 Rad8 25. Ne2 Be5 26. Rb1 Bc6 27. cxb5 Bxb5 28. Bf3 Rd2 29. Rfe1 Rxa2 30. Nf4 Rc8 0-1

[Event "FRA-chT2 Nord 0708"]
[Site "France"]
[Date "2008.01.19"]
[Round "5.4"]
[White "Camus de Solliers, Guillaume"]
[Black "Barthes, Christian"]
[Result "1/2-1/2"]
[WhiteElo "2314"]
[BlackElo "2124"]
[PlyCount "88"]
[EventDate "2007.10.21"]
[EventType "team"]
[EventRounds "11"]
[EventCountry "FRA"]
[SourceTitle "EXT 2009"]
[Source "ChessBase"]
[SourceDate "2008.11.26"]
[SourceVersion "1"]
[SourceVersionDate "2008.11.26"]
[SourceQuality "1"]
[WhiteTeam "Rueil Malmaison"]
[BlackTeam "Franconville"]
[WhiteTeamCountry "FRA"]
[BlackTeamCountry "FRA"]

1. d4 Nf6 2. c4 e6 3. Nf3 b6 4. g3 Bb7 5. Bg2 c5 6. d5 exd5 7. Nh4 g6 8. cxd5 Bg7 9. Nc3 d6 10. 0-0 0-0 11. Nf3 Na6 12. Nd2 Nc7 13. e4 b5 14. a4 a6 15. h3 Re8 16. Ra2 b4 17. Ncb1 a5 18. Qc2 Ba6 19. Rd1 Rb8 20. b3 Na8 21. Bf1 Bxf1 22. Rxf1 Nb6 23. Bb2 Qe7 24. Bxf6 Bxf6 25. Qd3 Nd7 26. Re1 Ne5 27. Qe2 Qd8 28. Nc4 Nxc4 29. Qxc4 Bd4 30. Ree2 Qg5 31. Kg2 h5 32. Nd2 Bc3 33. f4 Qd8 34. Nf3 Qc7 35. Re3 Re7 36. Rae2 Rbe8 37. Rf2 Bf6 38. Rfe2 Bc3 39. Rf2 Bf6 40. Rc2 Bc3 41. Rce2 Ba1 42. Rd3 Rd8 43. Nh4 Bf6 44. Nf3 Bc3 1/2-1/2